| 000 | 00951nam a2200217Ia 4500 | ||
|---|---|---|---|
| 001 | 193-ADO th ja (16342) | ||
| 003 | IT-MiSPE | ||
| 008 | 171229s9999||||xx |||||||||||||| ||und|| | ||
| 040 |
_aIT-MiSPE _cIT-MiSPE |
||
| 041 | _aTEDESCO | ||
| 100 | _aTheodor W. Adorno | ||
| 245 | 0 |
_aJargon der Eigentlichkeit _bZur deutschen Ideologie |
|
| 250 | _a3a ed. | ||
| 260 |
_aFrankfurt _bSuhrkamp _c1967 |
||
| 300 |
_a142 p. _c18 cm |
||
| 490 |
_aSV _v91 |
||
| 501 | _aEdizioni San Paolo srl - Piazza Soncino, 5 - 20092 CINISELLO BALSAMO (MI) (non commercial uses only) ® Copyright 2018 | ||
| 942 | _cBK | ||
| 957 | _71 | ||
| 999 |
_a2722 _bNO _g Copie: 1 _c337255 _d337255 |
||